000 00616cam a22002173a 4500
001 35497
003 PGUSA
005 20140828083750.0
008 110306s2011||||xxu|||||s|||||000 | eng d
040 _aPGUSA
_beng
042 _adc
100 1 _aCarroll, Lewis,
_d1832-1898
245 1 0 _aThree Sunsets and Other Poems
_h[electronic resource] /
_cLewis Carroll
260 _bProject Gutenberg,
_c2011
506 _aPublic domain in the USA.
516 _aElectronic text
700 1 _aThomson, E. Gertrude
830 0 _aProject Gutenberg
_v35497
856 4 0 _uhttp://www.gutenberg.org/ebooks/35497
942 _cEB
999 _c264752
_d264752